000 00327nam a2200157Ia 4500
100 _aRavichandran/J
650 _aProbability
942 _cBK
366 _f20
245 _aProbability and statistics for Engineers
260 _bWiley
_c2010
082 _a519.2
_bRAV
300 _a597
546 _aENGLISH
999 _c32540
_d32540